000 00763nam a2200253Ia 4500
003 OSt
005 20220918164606.0
006 a|||||r|||| 00| 0
007 ta
008 220917b |||||||| |||| 00| 0 eng d
020 _a070070471X (hbk)
024 _a173,889
037 _cTextual
040 _aARTS
_cARTS
_beng
041 _2eng
_aeng
082 _aX8(J)v2.M, N6 (SC)
245 0 _aLocal agrarian societies in colonial India
_b Japanese Perspectives edited by Peter Robb, Kaoru Sugihara and Haruka Yanagisawa
260 _aSurrey
_bCurzon Press
_c1996
300 _a403p.
_ccm.
490 _aCollected papers on South Asia; 11
650 _aECONOMICS
942 _hX8(J)v2.M, N6 (SC)
_cTEXL
_2CC
999 _c125505
_d125505